000
00338 a2200157 4500
001
193115
020
_a
978-85-7530-992-6
040
_c
Magnum
100
_a
Dreamland Publications
240
1
0
_a
O cavalo mágico
_l
por
245
1
0
_a
O cavalo mágico
300
_a
16
362
0
_a
2013
697
_a
LITERATURA INFANTIL
942
_c
BK
999
_c
193115
_d
193115